01404cam a2200337 i 450000100090000000300090000900500170001800800410003502000280007602000180010404000380012208200200016010000630018024501000024326400340034326400100037730000460038733600260043333700280045933800270048749000320051449000550054650400510060165000330065265500170068585600910070285600920079394200120088599900170089795201520091412294692EG-ScBUE20241221093700.0010131t2001 nyua f b 001 0 eng d a0387952640 (alk. paper) a9780387952642 aDLCbengerdacDLCdDLCdEG-ScBUE04a519.82222bKUS1 aKushner, Harold J.q(Harold Joseph),d1933-eauthor.9689710aHeavy traffic analysis of controlled queueing and communications networks /cHarold J. Kushner. 1aNew York :bSpringer,c[2001] 4cc2001 axix, 513 pages :billustrations ;c24 cm. 2rdacontentatextbtxt aunmediated2rdamediabn avolumebnc2rdacarrier0 aApplications of mathematics0 aStochastic modelling and applied probability ;v47 aIncludes bibliographical references and index. 7aQueuing theory.2BUEsh96899 vReading book423Publisher descriptionuhttp://www.loc.gov/catdir/enhancements/fy0816/2001020202-d.html413Table of contents onlyuhttp://www.loc.gov/catdir/enhancements/fy0816/2001020202-t.html 2ddccBB c12024d12024 00102ddc40708Alef-BaaaMAINbMAINc1STd2009-06-24ePurchaseg150.00l1o519.82 KUSp000017094r2025-07-15 00:00:00s2011-01-11w2009-06-24yBB